000 00703nam a22001817a 4500
999 _c80721
_d80721
008 201130b ||||| |||| 00| 0 eng d
040 _bger
_cSTAFF
_erda
_aSTAFF
041 _ager
100 _aGutke, Thomas
245 _aMehr Baukultur für Frankfurt.
_bStadtverordnete beschließen nach aufwendigem Abstimmungsprozess das integrierte Stadtentwicklungskonzept (INSK) 2020-2030 /
_cThomas Gutke
653 _aFrankfurt (Oder)
653 _aStadtentwicklung
773 _dFrankfurt (Oder): Märkisches Verlags- und Druckhaus GmbH & Co KG
_g32. Jahrgang (2021) Nr. 38 vom 15.02.2021, S. 11
_tMärkische Oderzeitung
942 _cA